សំណួរ-ចម្លើយ សិក្សាសង្គម ភូមិវិទ្យា និងប្រវត្តិវិទ្យា ថ្នាក់ទី ៩ / (Record no. 6676)

MARC details
000 -LEADER
fixed length control field 01472nam a22002417a 4500
001 - CONTROL NUMBER
control field 6676
003 - CONTROL NUMBER IDENTIFIER
control field FISKH
005 - DATE AND TIME OF LATEST TRANSACTION
control field 20250520113433.0
008 - FIXED-LENGTH DATA ELEMENTS--GENERAL INFORMATION
fixed length control field 250520b cb ||||| |||| 00| 0 eng d
040 ## - CATALOGING SOURCE
Original cataloging agency FISKH
Language of cataloging khr
Transcribing agency FISKH
Modifying agency FISKH
082 ## - DEWEY DECIMAL CLASSIFICATION NUMBER
Classification number 900
100 ## - MAIN ENTRY--PERSONAL NAME
Personal name Kosal, Phorn
245 ## - TITLE STATEMENT
Title សំណួរ-ចម្លើយ សិក្សាសង្គម ភូមិវិទ្យា និងប្រវត្តិវិទ្យា ថ្នាក់ទី ៩ /
Statement of responsibility, etc. រៀបរៀងដោយ ផន កុសល
260 ## - PUBLICATION, DISTRIBUTION, ETC.
Place of publication, distribution, etc. ភ្នំពេញ :
Name of publisher, distributor, etc. អ្នកគ្រូ ,
Date of publication, distribution, etc. ២០១១ .
300 ## - PHYSICAL DESCRIPTION
Extent 100 pages :
Other physical details illustrations ;
Dimensions 15 cm .
520 ## - SUMMARY, ETC.
Summary, etc. សៀវភៅនេះត្រូវបានរៀបចំឡើងក្នុងគោលបំណងជួយសិស្សឱ្យយល់ជ្រៅ និងចងចាំមាតិកាមុខវិជ្ជា សិក្សាសង្គមបានល្អជាងមុន តាមរយៈសំណួរនិងចម្លើយប្រចាំមេរៀន។
520 ## - SUMMARY, ETC.
Summary, etc. This book is designed to help students gain a deeper understanding and better retention of Social Studies content through lesson-based questions and answers."
650 ## - SUBJECT ADDED ENTRY--TOPICAL TERM
Topical term or geographic name entry element ប្រទេសកម្ពុជា​
Form subdivision ភូមិវិទ្យា​
650 ## - SUBJECT ADDED ENTRY--TOPICAL TERM
Topical term or geographic name entry element Cambodia
Form subdivision Geography
700 ## - ADDED ENTRY--PERSONAL NAME
Personal name Sophertih, Neang
Relator term Illustrator
942 ## - ADDED ENTRY ELEMENTS (KOHA)
Source of classification or shelving scheme Dewey Decimal Classification
Koha item type Khmer Books
Suppress in OPAC No
Holdings
Withdrawn status Lost status Source of classification or shelving scheme Damaged status Not for loan Collection Home library Current library Shelving location Date acquired Total Checkouts Full call number Barcode Date last seen Price effective from Koha item type
    Dewey Decimal Classification     Khmer Language Books / សៀវភៅភាសាខ្មែរ Footprints International School Library Network Toul Tom Poung Campus Footprints International School Library Network Toul Tom Poung Campus TTP Primary Khmer Bookshelves 05/20/2025   KOS 900 FISSE02651 05/20/2025 05/20/2025 Khmer Books